[Event "Young Stars 2"]
[Site "Montreal CAN"]
[Date "2017.12.16"]
[Round "6.10"]
[White "Duplessis, Claude"]
[Black "Omichi, Kevin"]
[Result "1-0"]
[WhiteElo "1518"]
[BlackElo "1148"]
[WhiteFideId "-1"]
[WhiteFideId "-1"]
[PlyCount "55"]
[GameId "2160767908292217"]
[EventDate "2017.12.09"]
[EventType "swiss"]
[EventRounds "8"]
[EventCountry "CAN"]
[SourceTitle "hb 2017"]

1. e4 c5 2. Nc3 Nc6 3. f4 d6 4. Nf3 Nf6 5. Bc4 Bg4 6. h3 Bxf3 7. Qxf3 a6 8. a3 e5 9. f5 Be7 10. Qf2 O-O 11. O-O b5 12. Ba2 c4 13. d3 d5 14. exd5 Nxd5 15. dxc4 bxc4 16. Bxc4 Nxc3 17. bxc3 Kh8 18. Be3 Qa5 19. Qe1 Bc5 20. Kh1 Bxe3 21. Qxe3 g6 22. Qh6 Ne7 23. f6 Nf5 24. Rxf5 Rg8 25. Rh5 gxh5 26. Bd3 Rg6 27. Bxg6 fxg6 28. Qg7# 1-0

[Event "Young Stars 2"]
[Site "Montreal CAN"]
[Date "2017.12.17"]
[Round "7.1"]
[White "Tomb, Maroun"]
[Black "Zhong, Kevin"]
[Result "1-0"]
[WhiteElo "2177"]
[BlackElo "1912"]
[WhiteFideId "-1"]
[WhiteFideId "-1"]
[PlyCount "69"]
[GameId "2160767908292219"]
[EventDate "2017.12.09"]
[EventType "swiss"]
[EventRounds "8"]
[EventCountry "CAN"]
[SourceTitle "hb 2017"]

1. e4 c5 2. Ne2 Nc6 3. Nbc3 g6 4. d4 cxd4 5. Nxd4 Bg7 6. Nde2 Nf6 7. g3 O-O 8. Bg2 d6 9. O-O Qc7 10. h3 Bd7 11. Be3 Ne5 12. b3 Bc6 13. Nd5 Nxd5 14. exd5 Bb5 15. c4 Ba6 16. Rc1 b6 17. Nd4 Bc8 18. Re1 a5 19. a4 Nd7 20. Bg5 Nf6 21. Qd2 Re8 22. Re2 Bb7 23. Rce1 Rac8 24. h4 Qd7 25. h5 Kf8 26. h6 Bh8 27. f3 Ng8 28. Kh2 Qc7 29. Qf4 Bf6 30. Bh3 Rcd8 31. Re3 Bxd4 32. Qxd4 f6 33. Be6 Qb8 34. Bxg8 Kxg8 35. Rxe7 1-0

[Event "Young Stars 2"]
[Site "Montreal CAN"]
[Date "2017.12.17"]
[Round "7.2"]
[White "Bassel, Charaf"]
[Black "Durette, Francis"]
[Result "1/2-1/2"]
[WhiteElo "2073"]
[BlackElo "1990"]
[WhiteFideId "-1"]
[WhiteFideId "-1"]
[PlyCount "84"]
[GameId "2160767908292220"]
[EventDate "2017.12.09"]
[EventType "swiss"]
[EventRounds "8"]
[EventCountry "CAN"]
[SourceTitle "hb 2017"]

1. e4 d6 2. d4 g6 3. Nf3 Bg7 4. Be3 Nf6 5. Nc3 c6 6. h3 Qa5 7. Bd3 Na6 8. O-O O-O 9. Re1 Nh5 10. e5 f5 11. Bg5 Qc7 12. Bc4+ e6 13. Qe2 h6 14. Bd2 Kh7 15. Rad1 Nb4 16. Bb3 dxe5 17. dxe5 Nd5 18. Nxd5 cxd5 19. Bb4 Rf7 20. Bd6 Qb6 21. Qe3 Qxe3 22. Rxe3 Bf8 23. c4 f4 24. Re2 dxc4 25. Bxc4 Ng7 26. Bxf8 Rxf8 27. Rd6 Nf5 28. Rd1 Rb8 29. a4 a6 30. Red2 b5 31. axb5 axb5 32. Bb3 Rb6 33. Rd8 Rxd8 34. Rxd8 Rc6 35. Kf1 Kg7 36. Ke2 Kf7 37. Kd3 Rc7 38. Nd4 Nxd4 39. Kxd4 Bd7 40. Rh8 Kg7 41. Rb8 Kf7 42. Rh8 Kg7 1/2-1/2

[Event "Young Stars 2"]
[Site "Montreal CAN"]
[Date "2017.12.17"]
[Round "7.3"]
[White "Tanaka, Tyler"]
[Black "Gauthier, Denis"]
[Result "1-0"]
[WhiteElo "1993"]
[BlackElo "1833"]
[WhiteFideId "-1"]
[WhiteFideId "-1"]
[PlyCount "73"]
[GameId "2160767908292221"]
[EventDate "2017.12.09"]
[EventType "swiss"]
[EventRounds "8"]
[EventCountry "CAN"]
[SourceTitle "EXT 2022"]
[Source "ChessBase"]
[SourceDate "2021.10.06"]
[SourceVersion "1"]
[SourceVersionDate "2021.10.06"]
[SourceQuality "1"]

1. e4 c5 2. Nf3 Nc6 3. d4 cxd4 4. Nxd4 e6 5. Nb5 d6 6. c4 Nf6 7. N1c3 a6 8. Na3 Be7 9. Be2 O-O 10. O-O b6 11. Be3 Bb7 12. Rc1 Nd7 13. Nc2 Rc8 14. Qd2 Qc7 15. Nd4 Nce5 16. f4 Ng6 17. Rfd1 Nf6 18. Bf3 Nh4 19. b3 Nxf3+ 20. gxf3 Rfd8 21. f5 Qd7 22. Na4 b5 23. Nb6 Qe8 24. Nxc8 Bxc8 25. fxe6 fxe6 26. cxb5 axb5 27. Nc6 Rd7 28. Nxe7+ Rxe7 29. Qxd6 Qg6+ 30. Qg3 Qe8 31. Bg5 Rf7 32. Qb8 Rf8 33. Bxf6 Qg6+ 34. Qg3 Qxf6 35. Rc7 e5 36. Rdc1 Qb6+ 37. Kg2 1-0

[Event "Young Stars 2"]
[Site "Montreal CAN"]
[Date "2017.12.17"]
[Round "7.4"]
[White "Guipi Bopala, Prince Eric jr"]
[Black "Leger, Manon"]
[Result "1/2-1/2"]
[WhiteElo "1608"]
[BlackElo "1946"]
[WhiteFideId "-1"]
[WhiteFideId "-1"]
[PlyCount "128"]
[GameId "2160767908292222"]
[EventDate "2017.12.09"]
[EventType "swiss"]
[EventRounds "8"]
[EventCountry "CAN"]
[SourceTitle "hb 2017"]

1. d4 d5 2. Nf3 Nf6 3. e3 e6 4. Bd3 c5 5. b3 cxd4 6. exd4 Bd6 7. Bb2 Nc6 8. O-O Qc7 9. Qe2 Nb4 10. Bb5+ Bd7 11. Bxd7+ Nxd7 12. c3 Nc6 13. Nbd2 O-O 14. c4 dxc4 15. bxc4 Rac8 16. Rac1 Rfe8 17. Qd3 Qd8 18. a3 Bf8 19. Ne4 Nde5 20. Nxe5 Nxe5 21. Qb3 Ng6 22. Rfd1 b6 23. a4 Qh4 24. Qf3 Qf4 25. Qxf4 Nxf4 26. Kf1 f5 27. Ng5 Bd6 28. g3 Ng6 29. Re1 e5 30. d5 e4 31. Ne6 Ne5 32. Bxe5 Bxe5 33. Red1 Bd6 34. Nd4 g6 35. Nb5 Bb8 36. Nd4 Kf7 37. Nc6 Rc7 38. Rb1 Rd7 39. c5 Rc8 40. Nxb8 Rxb8 41. a5 b5 42. c6 Rc7 43. Rdc1 Rd8 44. d6 Rcc8 45. c7 Rd7 46. Rc6 Ke6 47. Ra6 Ke5 48. Rxa7 Rxd6 49. Rc1 Kd5 50. Rb7 Rc6 51. Rxb5+ Kd6 52. Rb6 R8xc7 53. Rcxc6+ Rxc6 54. Ke2 Rxb6 55. axb6 Kc6 56. Ke3 Kxb6 57. g4 fxg4 58. Kxe4 Kc5 59. Kf4 Kd5 60. Kxg4 h6 61. h4 Ke5 62. f4+ Kf6 63. h5 gxh5+ 64. Kxh5 Kf5 1/2-1/2

[Event "Young Stars 2"]
[Site "Montreal CAN"]
[Date "2017.12.17"]
[Round "7.5"]
[White "Steinberg, Ellis"]
[Black "Pomerantz, Daniel"]
[Result "1/2-1/2"]
[WhiteElo "1674"]
[BlackElo "1905"]
[WhiteFideId "-1"]
[WhiteFideId "-1"]
[PlyCount "104"]
[GameId "2160767908292223"]
[EventDate "2017.12.09"]
[EventType "swiss"]
[EventRounds "8"]
[EventCountry "CAN"]
[SourceTitle "hb 2017"]

1. e4 c5 2. Nf3 e6 3. d3 Nc6 4. g3 g6 5. Bg2 Bg7 6. c3 Nge7 7. O-O O-O 8. Re1 e5 9. Be3 d6 10. Qc1 f5 11. Bh6 Rb8 12. Bxg7 Kxg7 13. a4 Be6 14. Nbd2 a6 15. Qc2 Qd7 16. Nc4 fxe4 17. Rxe4 b5 18. axb5 axb5 19. Ncd2 b4 20. Ree1 bxc3 21. bxc3 Rb7 22. Reb1 Rfb8 23. Rxb7 Qxb7 24. Rb1 Qc7 25. Ng5 Bg8 26. Bh3 Nf5 27. Nf1 h6 28. Ne4 Rxb1 29. Qxb1 Nce7 30. Qb5 Bd5 31. Bg2 Bc6 32. Qb3 Bd5 33. Qb5 Qc6 34. Qxc6 Bxc6 35. Ne3 Nxe3 36. fxe3 Bxe4 37. Bxe4 d5 38. Bg2 Kf6 39. Kf2 Ke6 40. Ke2 Kd6 41. Kd2 Ng8 42. h3 Nf6 43. g4 h5 44. g5 Ng8 45. h4 Ne7 46. Bh3 e4 47. d4 cxd4 48. cxd4 Nc6 49. Kc3 Na5 50. Bf1 Nc6 51. Bh3 Ke7 52. Bf1 Kd6 1/2-1/2

[Event "Young Stars 2"]
[Site "Montreal CAN"]
[Date "2017.12.17"]
[Round "7.6"]
[White "Jacquet, Stephane"]
[Black "Joanis, Marc-Andre"]
[Result "1/2-1/2"]
[WhiteElo "1951"]
[BlackElo "1797"]
[WhiteFideId "-1"]
[WhiteFideId "-1"]
[PlyCount "61"]
[GameId "2160767908292224"]
[EventDate "2017.12.09"]
[EventType "swiss"]
[EventRounds "8"]
[EventCountry "CAN"]
[SourceTitle "hb 2017"]

1. d4 d5 2. c4 dxc4 3. e3 e5 4. Bxc4 exd4 5. exd4 Nf6 6. Nf3 Bd6 7. O-O O-O 8. Bg5 Nc6 9. Re1 Bg4 10. d5 Bxf3 11. Qxf3 Ne5 12. Qc3 Nxc4 13. Qxc4 h6 14. Bh4 g5 15. Bg3 Bxg3 16. hxg3 Nxd5 17. Nc3 c6 18. Rad1 Qb6 19. Nxd5 cxd5 20. Qxd5 Rad8 21. Qe5 Rxd1 22. Rxd1 Rd8 23. Rc1 Qd6 24. Qxd6 Rxd6 25. Rc7 Rb6 26. b3 Ra6 27. Rxb7 Rxa2 28. b4 a5 29. Ra7 a4 30. b5 Rb2 31. Rxa4 1/2-1/2

[Event "Young Stars 2"]
[Site "Montreal CAN"]
[Date "2017.12.17"]
[Round "7.7"]
[White "Saine, Zachary"]
[Black "Richard, Leo"]
[Result "1-0"]
[WhiteElo "1854"]
[BlackElo "1634"]
[WhiteFideId "-1"]
[WhiteFideId "-1"]
[PlyCount "93"]
[GameId "2160767908292225"]
[EventDate "2017.12.09"]
[EventType "swiss"]
[EventRounds "8"]
[EventCountry "CAN"]
[SourceTitle "hb 2017"]

1. e4 e5 2. Nf3 Nc6 3. Bc4 Bc5 4. c3 Nf6 5. d4 exd4 6. cxd4 Bb4+ 7. Bd2 Nxe4 8. Bxb4 Nxb4 9. Bxf7+ Kxf7 10. Qb3+ d5 11. Ne5+ Ke6 12. Qxb4 Qf8 13. Qxf8 Rxf8 14. f3 Nd6 15. Nc3 c6 16. O-O Nf5 17. Rfe1 Kd6 18. Rad1 Be6 19. b4 Rae8 20. f4 Nh6 21. Ne2 Ng4 22. h3 Ne3 23. Rd3 Nc2 24. Rc1 Bf5 25. Rxc2 a5 26. bxa5 Bxd3 27. Nxd3 Re7 28. Ne5 Ra8 29. Rc5 g5 30. Ng3 Rf8 31. a6 gxf4 32. axb7 Rxe5 33. dxe5+ Kxc5 34. Nf5 Kb6 35. e6 Kc7 36. e7 Rg8 37. Ng7 Kxb7 38. Kf2 c5 39. e8=Q Rxe8 40. Nxe8 c4 41. Nf6 Kc6 42. Nh5 Kc5 43. Nxf4 Kd4 44. Ke2 Ke4 45. Nxd5 Kxd5 46. Kd2 Kd4 47. g4 1-0

[Event "Young Stars 2"]
[Site "Montreal CAN"]
[Date "2017.12.17"]
[Round "7.8"]
[White "Omichi, Haruaki"]
[Black "Craciun, David"]
[Result "1/2-1/2"]
[WhiteElo "1485"]
[BlackElo "1680"]
[WhiteFideId "-1"]
[WhiteFideId "-1"]
[PlyCount "51"]
[GameId "2160767908292226"]
[EventDate "2017.12.09"]
[EventType "swiss"]
[EventRounds "8"]
[EventCountry "CAN"]
[SourceTitle "hb 2017"]

1. e4 e5 2. Nf3 Nc6 3. Nc3 Nf6 4. d4 exd4 5. Nxd4 Bb4 6. Nxc6 bxc6 7. Bd3 d5 8. exd5 cxd5 9. O-O O-O 10. Bg5 c6 11. Qf3 Be6 12. Bxf6 Qxf6 13. Qxf6 gxf6 14. Ne2 Bd6 15. Ng3 Be5 16. c3 Rab8 17. Rab1 Rfe8 18. f4 Bd6 19. Nh5 Be7 20. f5 Bd7 21. Rf3 Kh8 22. b3 Bd8 23. g4 c5 24. Rd1 Bc6 25. Rh3 Rg8 26. Be2 1/2-1/2

[Event "Young Stars 2"]
[Site "Montreal CAN"]
[Date "2017.12.17"]
[Round "7.9"]
[White "Liu, Kevin1"]
[Black "Duplessis, Claude"]
[Result "1/2-1/2"]
[WhiteElo "1456"]
[BlackElo "1518"]
[WhiteFideId "-1"]
[WhiteFideId "-1"]
[PlyCount "55"]
[GameId "2160767908292227"]
[EventDate "2017.12.09"]
[EventType "swiss"]
[EventRounds "8"]
[EventCountry "CAN"]
[SourceTitle "EXT 2022"]
[Source "ChessBase"]
[SourceDate "2021.10.06"]
[SourceVersion "1"]
[SourceVersionDate "2021.10.06"]
[SourceQuality "1"]

1. c4 f5 2. d4 Nf6 3. Nf3 e6 4. Bf4 Be7 5. e3 O-O 6. Bd3 d6 7. O-O Nh5 8. Re1 Nd7 9. Nfd2 Qe8 10. d5 e5 11. Bg3 e4 12. Be2 Nxg3 13. hxg3 Bg5 14. Nb3 Bf6 15. Nc3 Bxc3 16. bxc3 Qe5 17. Nd4 Nc5 18. a4 a6 19. a5 g5 20. g4 f4 21. exf4 Qxf4 22. Rf1 Rf6 23. g3 Qe5 24. Kg2 Bd7 25. Qd2 Raf8 26. Rae1 h6 27. Bd1 Qe7 28. f3 1/2-1/2

[Event "Young Stars 2"]
[Site "Montreal CAN"]
[Date "2017.12.17"]
[Round "7.10"]
[White "Chapdelaine, Gwyn"]
[Black "Rasmussen, Nicolas"]
[Result "0-1"]
[WhiteElo "1285"]
[BlackElo "1052"]
[WhiteFideId "-1"]
[WhiteFideId "-1"]
[PlyCount "100"]
[GameId "2160767908292228"]
[EventDate "2017.12.09"]
[EventType "swiss"]
[EventRounds "8"]
[EventCountry "CAN"]
[SourceTitle "hb 2017"]

1. e4 c6 2. d4 d5 3. e5 Bf5 4. Be3 e6 5. Nd2 Ne7 6. g3 Ng6 7. Bh3 Bxh3 8. Nxh3 Be7 9. c3 O-O 10. Nf4 Nxf4 11. Bxf4 Nd7 12. Qg4 f5 13. exf6 Rxf6 14. Be5 Nxe5 15. dxe5 Rg6 16. Qa4 Qb6 17. Qb3 Bc5 18. Qxb6 Bxb6 19. Rc1 Rg5 20. f4 Rf5 21. Rf1 Raf8 22. c4 g5 23. cxd5 cxd5 24. Nf3 gxf4 25. g4 R5f7 26. Rc2 h5 27. Ng5 Re7 28. gxh5 Rf5 29. Rg2 Rxe5+ 30. Kd1 Rg7 31. Nf3 Rxh5 32. Rxg7+ Kxg7 33. h4 e5 34. Nxe5 Rxe5 35. Rxf4 Re4 36. Rf5 Rxh4 37. Rxd5 Rd4+ 38. Rxd4 Bxd4 39. b3 Kf6 40. Kd2 Ke5 41. Kd3 Kd5 42. a3 a5 43. a4 Kc5 44. Kc2 Kb4 45. Kd3 Kxb3 46. Kxd4 Kxa4 47. Kc3 Ka3 48. Kc2 Ka2 49. Kc1 b5 50. Kc2 b4 0-1

[Event "Young Stars 2"]
[Site "Montreal CAN"]
[Date "2017.12.17"]
[Round "7.11"]
[White "Wang, Isabelle"]
[Black "Wang, Rachel Zihan"]
[Result "1-0"]
[WhiteElo "1356"]
[BlackElo "1323"]
[WhiteFideId "-1"]
[WhiteFideId "-1"]
[PlyCount "73"]
[GameId "2160767908292229"]
[EventDate "2017.12.09"]
[EventType "swiss"]
[EventRounds "8"]
[EventCountry "CAN"]
[SourceTitle "EXT 2022"]
[Source "ChessBase"]
[SourceDate "2021.10.06"]
[SourceVersion "1"]
[SourceVersionDate "2021.10.06"]
[SourceQuality "1"]

1. e4 c5 2. Nf3 Nc6 3. d4 cxd4 4. Nxd4 e5 5. Nb5 d6 6. N1c3 a6 7. Na3 b5 8. Nd5 Nf6 9. Bg5 Qa5+ 10. Bd2 Qd8 11. Bg5 Be6 12. Nxf6+ gxf6 13. Bd2 Bg7 14. Bd3 Qd7 15. Qf3 Nd4 16. Qg3 Bf8 17. c3 Nc6 18. O-O f5 19. f4 fxe4 20. Bxe4 f5 21. Bxc6 Qxc6 22. fxe5 Qc5+ 23. Be3 Qxe5 24. Qf3 Bd5 25. Qh3 Be4 26. Bd4 Qe6 27. Bxh8 Qg6 28. Bd4 Bh6 29. Rae1 Kd8 30. Be3 Bg7 31. Bb6+ Ke8 32. Rxf5 d5 33. Bd4 Bh6 34. Rf6 Qg5 35. Rxh6 Qd2 36. Qe6+ Kf8 37. Rf1+ 1-0

[Event "Young Stars 2"]
[Site "Montreal CAN"]
[Date "2017.12.17"]
[Round "8.1"]
[White "Pomerantz, Daniel"]
[Black "Tomb, Maroun"]
[Result "1/2-1/2"]
[WhiteElo "1905"]
[BlackElo "2177"]
[WhiteFideId "-1"]
[WhiteFideId "-1"]
[PlyCount "63"]
[GameId "2160767908292231"]
[EventDate "2017.12.09"]
[EventType "swiss"]
[EventRounds "8"]
[EventCountry "CAN"]
[SourceTitle "hb 2017"]

1. e4 d6 2. d4 Nf6 3. Nc3 e5 4. Nf3 Nbd7 5. Bc4 Be7 6. Be3 c6 7. Bb3 O-O 8. Qd2 b5 9. a3 Bb7 10. Bg5 Qc7 11. O-O a5 12. Rfe1 Rfe8 13. dxe5 dxe5 14. Rad1 Rad8 15. Qe2 Nc5 16. Bxf6 Bxf6 17. Ba2 Bc8 18. Rxd8 Rxd8 19. Rd1 Bg4 20. h3 Bxf3 21. Qxf3 b4 22. axb4 axb4 23. Rxd8+ Qxd8 24. Nd1 Qd2 25. Ne3 Qc1+ 26. Kh2 b3 27. Bxb3 Nxb3 28. cxb3 Qxb2 29. Qf5 h5 30. Qc8+ Kh7 31. Qf5+ Kg8 32. Qc8+ 1/2-1/2

[Event "Young Stars 2"]
[Site "Montreal CAN"]
[Date "2017.12.17"]
[Round "8.2"]
[White "Leger, Manon"]
[Black "Bassel, Charaf"]
[Result "0-1"]
[WhiteElo "1946"]
[BlackElo "2073"]
[WhiteFideId "-1"]
[WhiteFideId "-1"]
[PlyCount "46"]
[GameId "2160767908292232"]
[EventDate "2017.12.09"]
[EventType "swiss"]
[EventRounds "8"]
[EventCountry "CAN"]
[SourceTitle "hb 2017"]

1. e4 Nc6 2. Nf3 e5 3. Bb5 a6 4. Ba4 Nf6 5. O-O Bc5 6. Bxc6 dxc6 7. Nxe5 Nxe4 8. Qf3 Qd4 9. d3 Qxe5 10. dxe4 O-O 11. Nc3 Bd6 12. g3 f5 13. Be3 fxe4 14. Qxe4 Qh5 15. Qc4+ Kh8 16. f4 Bh3 17. Rf2 Rae8 18. Qd3 Rxe3 19. Qxe3 Bc5 20. Qe2 Bg4 21. Qf1 Qg6 22. Rc1 Rxf4 23. gxf4 Bf3+ 0-1

[Event "Young Stars 2"]
[Site "Montreal CAN"]
[Date "2017.12.17"]
[Round "8.3"]
[White "Zhong, Kevin"]
[Black "Tanaka, Tyler"]
[Result "1/2-1/2"]
[WhiteElo "1912"]
[BlackElo "1993"]
[WhiteFideId "-1"]
[WhiteFideId "-1"]
[PlyCount "125"]
[GameId "2160767908292233"]
[EventDate "2017.12.09"]
[EventType "swiss"]
[EventRounds "8"]
[EventCountry "CAN"]
[SourceTitle "EXT 2022"]
[Source "ChessBase"]
[SourceDate "2021.10.06"]
[SourceVersion "1"]
[SourceVersionDate "2021.10.06"]
[SourceQuality "1"]

1. e4 c5 2. Ne2 Nc6 3. Nbc3 g6 4. g3 Bg7 5. Bg2 d6 6. O-O e6 7. d3 Nge7 8. Be3 Nd4 9. Qd2 Rb8 10. Nc1 b5 11. Nd1 b4 12. c3 bxc3 13. bxc3 Ndc6 14. Bh6 O-O 15. Bxg7 Kxg7 16. Ne3 e5 17. f4 f6 18. f5 g5 19. g4 Ba6 20. h4 h6 21. hxg5 hxg5 22. Ne2 Qb6 23. Ng3 Qb2 24. Nh5+ Kf7 25. Rad1 Qxd2 26. Rxd2 Rb6 27. Rff2 Rfb8 28. Bf1 Rb1 29. Kg2 Rc1 30. Rc2 Rxc2 31. Rxc2 Rb1 32. Be2 Bb5 33. Rd2 a5 34. Bd1 a4 35. c4 Ba6 36. Bxa4 Nd4 37. Nd5 Nxd5 38. exd5 e4 39. dxe4 Bxc4 40. Bd7 Ra1 41. a4 Bb3 42. Kf2 Bxa4 43. Bxa4 Rxa4 44. Ng3 Nb3 45. Rc2 c4 46. Ke3 Nc5 47. Kd4 c3+ 48. Ke3 Rc4 49. Ne2 Nxe4 50. Kd3 Ra4 51. Nxc3 Nc5+ 52. Ke3 Rxg4 53. Nb5 Ke7 54. Rh2 Re4+ 55. Kf3 Rf4+ 56. Ke3 Rxf5 57. Rh7+ Kd8 58. Rh8+ Ke7 59. Rh7+ Kf8 60. Nxd6 Rxd5 61. Rf7+ Kg8 62. Rxf6 Rd3+ 63. Ke2 1/2-1/2

[Event "Young Stars 2"]
[Site "Montreal CAN"]
[Date "2017.12.17"]
[Round "8.4"]
[White "Joanis, Marc-Andre"]
[Black "Durette, Francis"]
[Result "0-1"]
[WhiteElo "1797"]
[BlackElo "1990"]
[WhiteFideId "-1"]
[WhiteFideId "-1"]
[PlyCount "114"]
[GameId "2160767908292234"]
[EventDate "2017.12.09"]
[EventType "swiss"]
[EventRounds "8"]
[EventCountry "CAN"]
[SourceTitle "hb 2017"]

1. Nf3 Nf6 2. c4 g6 3. g3 Bg7 4. Bg2 O-O 5. O-O d6 6. d4 a5 7. Nc3 Nc6 8. h3 e5 9. dxe5 dxe5 10. Qxd8 Rxd8 11. Bg5 Be6 12. Nd2 h6 13. Bxf6 Bxf6 14. Nd5 Bxd5 15. cxd5 Ne7 16. Rac1 Nxd5 17. Bxd5 Rxd5 18. Ne4 Bd8 19. Rfd1 Rxd1+ 20. Rxd1 b6 21. Rd7 Kf8 22. Rd5 f6 23. Rd7 Rc8 24. Rh7 f5 25. Nc3 Kg8 26. Rd7 c6 27. e4 Bf6 28. exf5 gxf5 29. g4 fxg4 30. Ne4 Bh4 31. hxg4 Rd8 32. Rb7 Rd4 33. f3 Rb4 34. b3 Bg5 35. Nxg5 hxg5 36. Kf2 c5 37. Re7 a4 38. Rxe5 axb3 39. Rxg5+ Kf7 40. axb3 Rxb3 41. Ke2 c4 42. Re5 Kg6 43. Kd2 b5 44. Kc2 b4 45. Rc5 Rc3+ 46. Kb2 Kf6 47. Rb5 Rb3+ 48. Kc2 Ke6 49. Rc5 Rc3+ 50. Kb2 Kd6 51. Rf5 Re3 52. Rf8 Re2+ 53. Kc1 b3 54. Rd8+ Kc5 55. Rd2 Re1+ 56. Kb2 Kb4 57. Rd4 Re2+ 0-1

[Event "Young Stars 2"]
[Site "Montreal CAN"]
[Date "2017.12.17"]
[Round "8.5"]
[White "Guipi Bopala, Prince Eric jr"]
[Black "Steinberg, Ellis"]
[Result "0-1"]
[WhiteElo "1606"]
[BlackElo "1674"]
[WhiteFideId "-1"]
[WhiteFideId "-1"]
[PlyCount "97"]
[GameId "2160767908292235"]
[EventDate "2017.12.09"]
[EventType "swiss"]
[EventRounds "8"]
[EventCountry "CAN"]
[SourceTitle "hb 2017"]

1. d4 Nf6 2. c4 g6 3. Nc3 Bg7 4. e4 d6 5. f3 b6 6. Be3 Bb7 7. Qd2 h5 8. Nge2 c5 9. h3 a6 10. d5 Nbd7 11. Nc1 Qc7 12. Be2 Bc8 13. O-O O-O 14. f4 Ra7 15. f5 Ne5 16. Bh6 Qd8 17. Bxg7 Kxg7 18. Qg5 e6 19. dxe6 fxe6 20. fxg6 Nxg6 21. Bxh5 Nxh5 22. Qxh5 Rxf1+ 23. Kxf1 Rf7+ 24. Kg1 Qf6 25. N1e2 Qf2+ 26. Kh1 Bb7 27. Qg4 b5 28. cxb5 d5 29. exd5 exd5 30. Rd1 d4 31. Ne4 Bxe4 32. Qxe4 Re7 33. Qd5 Qxe2 34. Rc1 axb5 35. Qxc5 d3 36. Qd4+ Kh7 37. Rc8 Qe1+ 38. Kh2 Qe5+ 39. Qxe5 Nxe5 40. Rc1 d2 41. Rd1 Nc4 42. b3 Re1 43. Rxd2 Nxd2 44. a4 b4 45. g4 Nxb3 46. Kg3 Nc5 47. h4 b3 48. g5 b2 49. h5 0-1

[Event "Young Stars 2"]
[Site "Montreal CAN"]
[Date "2017.12.17"]
[Round "8.6"]
[White "Duplessis, Claude"]
[Black "Jacquet, Stephane"]
[Result "0-1"]
[WhiteElo "1518"]
[BlackElo "1951"]
[WhiteFideId "-1"]
[WhiteFideId "-1"]
[PlyCount "74"]
[GameId "2160767908292236"]
[EventDate "2017.12.09"]
[EventType "swiss"]
[EventRounds "8"]
[EventCountry "CAN"]
[SourceTitle "hb 2017"]

1. e4 d6 2. d4 Nf6 3. Bd3 e5 4. Ne2 g6 5. Be3 Bg7 6. Nbc3 Ng4 7. Bd2 exd4 8. Nd5 c6 9. Ndf4 O-O 10. h4 h5 11. Bc4 Qf6 12. f3 Ne3 13. Bxe3 dxe3 14. c3 Bh6 15. Qd4 Qxd4 16. cxd4 Kg7 17. g3 b5 18. Bb3 Nd7 19. Nc3 Bxf4 20. gxf4 b4 21. Nd1 c5 22. d5 f5 23. Ke2 fxe4 24. Kxe3 exf3 25. Kxf3 Ne5+ 26. Kg3 Ng4 27. Re1 Bf5 28. Ne3 Nxe3 29. Rxe3 Rae8 30. Rae1 Rxe3+ 31. Rxe3 Kf7 32. Ba4 c4 33. a3 a5 34. Kf2 Rb8 35. Ke1 c3 36. b3 bxa3 37. Rxc3 a2 0-1

[Event "Young Stars 2"]
[Site "Montreal CAN"]
[Date "2017.12.17"]
[Round "8.7"]
[White "Rasmussen, Nicolas"]
[Black "Gauthier, Denis"]
[Result "0-1"]
[WhiteElo "1052"]
[BlackElo "1833"]
[WhiteFideId "-1"]
[WhiteFideId "-1"]
[PlyCount "89"]
[GameId "2160767908292237"]
[EventDate "2017.12.09"]
[EventType "swiss"]
[EventRounds "8"]
[EventCountry "CAN"]
[SourceTitle "hb 2017"]

1. e4 c5 2. Nc3 Nc6 3. f4 g6 4. Bc4 Bg7 5. Nge2 e6 6. O-O Nge7 7. Qe1 O-O 8. d3 a6 9. a3 d5 10. Ba2 Re8 11. Ng3 Nd4 12. Qd2 b6 13. Nce2 Nec6 14. c3 Nxe2+ 15. Qxe2 b5 16. e5 a5 17. Qf2 Qe7 18. Ne2 Rd8 19. Kh1 Bb7 20. d4 cxd4 21. cxd4 b4 22. Ng1 Ba6 23. Rd1 Rdb8 24. Bb1 Rb6 25. Bd3 Qb7 26. Bxa6 Raxa6 27. Nf3 Bf8 28. Qh4 Qe7 29. Qh3 Ra7 30. Ng5 h6 31. Nf3 Bg7 32. f5 exf5 33. Bxh6 Qf8 34. Bxg7 Qxg7 35. Rdc1 Ne7 36. Rc5 Rc6 37. axb4 Rxc5 38. bxc5 Nc6 39. Qh4 Rb7 40. Qf2 Qh6 41. Qe2 Qf4 42. Qa6 Rb3 43. Qxc6 Rxf3 44. Qa6 Rf2 45. Qxa5 0-1

[Event "Young Stars 2"]
[Site "Montreal CAN"]
[Date "2017.12.17"]
[Round "8.8"]
[White "Craciun, David"]
[Black "Wang, Isabelle"]
[Result "1-0"]
[WhiteElo "1680"]
[BlackElo "1356"]
[WhiteFideId "-1"]
[WhiteFideId "-1"]
[PlyCount "53"]
[GameId "2160767908292238"]
[EventDate "2017.12.09"]
[EventType "swiss"]
[EventRounds "8"]
[EventCountry "CAN"]
[SourceTitle "hb 2017"]

1. d4 d5 2. Bf4 e6 3. Nf3 Nf6 4. e3 Be7 5. c4 O-O 6. Nc3 b6 7. Rc1 c5 8. Bd3 Bb7 9. Nb5 Nc6 10. O-O a6 11. Nc3 Rc8 12. cxd5 exd5 13. Bf5 Ra8 14. Qd2 c4 15. Ne5 Nxe5 16. dxe5 Nh5 17. Rcd1 Nxf4 18. exf4 Bb4 19. Qc2 Bxc3 20. Bxh7+ Kh8 21. Qxc3 Kxh7 22. Qh3+ Kg8 23. f5 Qg5 24. Rd4 Rad8 25. Rg4 Qd2 26. f6 g6 27. Rh4 1-0

[Event "Young Stars 2"]
[Site "Montreal CAN"]
[Date "2017.12.17"]
[Round "8.9"]
[White "Liu, Kevin1"]
[Black "Omichi, Haruaki"]
[Result "1/2-1/2"]
[WhiteElo "1456"]
[BlackElo "1905"]
[WhiteFideId "-1"]
[WhiteFideId "-1"]
[PlyCount "85"]
[GameId "2160767908292239"]
[EventDate "2017.12.09"]
[EventType "swiss"]
[EventRounds "8"]
[EventCountry "CAN"]
[SourceTitle "EXT 2022"]
[Source "ChessBase"]
[SourceDate "2021.10.06"]
[SourceVersion "1"]
[SourceVersionDate "2021.10.06"]
[SourceQuality "1"]

1. c4 c5 2. e4 Nc6 3. Nc3 g6 4. g3 Bg7 5. Bg2 e5 6. Nge2 Nge7 7. d3 d6 8. O-O O-O 9. Be3 Be6 10. Qd2 f5 11. f4 Qd7 12. Nd5 Bxd5 13. cxd5 Nd4 14. Bxd4 cxd4 15. Rac1 Rac8 16. b4 b5 17. a3 h6 18. Bh3 Rxc1 19. Rxc1 Rc8 20. Rc2 Kf7 21. Kf2 Kf6 22. Nc1 Rxc2 23. Qxc2 Qc8 24. Qxc8 Nxc8 25. Nb3 Nb6 26. Na5 a6 27. Nc6 fxe4 28. dxe4 Nc4 29. Nb8 Nxa3 30. Nxa6 Nc2 31. Bf1 exf4 32. gxf4 g5 33. fxg5+ hxg5 34. Bxb5 Ne3 35. Bd3 Ng4+ 36. Ke2 Ne5 37. Nb8 Ke7 38. Bc2 Kd8 39. Nc6+ Nxc6 40. dxc6 Kc7 41. b5 Kb6 42. Kf3 Be5 43. Bd3 1/2-1/2